000 00305nam a2200109 4500
999 _c13531
_d13531
008 190328b ||||| |||| 00| 0 eng d
245 _aStaying vigilant against cyber attacks.
260 _aPhillippines
_bManila Bulletin
_cc2017
300 _apage C4.
650 0 _937804
_aCrimes- cyber.
942 _2ddc
_cPER